000 00299nam a22001217a 4500
008 170822b xxu||||| |||| 00| 0 eng d
041 _aeng
080 _a51
100 _a38
101 _aMAT
245 _aALGEBRA MATHEMATIAL LOGIC NUMBER THEORY TOPOLOGY
_cCTEKLOVA.B.A
942 _2udc
_cBK
999 _c24566
_d24566